<?xml version="1.0" encoding="UTF-8"?><?xml-stylesheet type="text/xsl" href="static/style.xsl"?><OAI-PMH xmlns="http://www.openarchives.org/OAI/2.0/" xmlns:xsi="http://www.w3.org/2001/XMLSchema-instance" xsi:schemaLocation="http://www.openarchives.org/OAI/2.0/ http://www.openarchives.org/OAI/2.0/OAI-PMH.xsd"><responseDate>2026-04-17T14:59:40Z</responseDate><request verb="GetRecord" identifier="oai:www.recercat.cat:10256/21439" metadataPrefix="marc">https://recercat.cat/oai/request</request><GetRecord><record><header><identifier>oai:recercat.cat:10256/21439</identifier><datestamp>2025-04-30T22:36:04Z</datestamp><setSpec>com_2072_452955</setSpec><setSpec>com_2072_2054</setSpec><setSpec>col_2072_453063</setSpec></header><metadata><record xmlns="http://www.loc.gov/MARC21/slim" xmlns:dcterms="http://purl.org/dc/terms/" xmlns:xsi="http://www.w3.org/2001/XMLSchema-instance" xmlns:doc="http://www.lyncode.com/xoai" xsi:schemaLocation="http://www.loc.gov/MARC21/slim http://www.loc.gov/standards/marcxml/schema/MARC21slim.xsd">
   <leader>00925njm 22002777a 4500</leader>
   <datafield ind2=" " ind1=" " tag="042">
      <subfield code="a">dc</subfield>
   </datafield>
   <datafield ind2=" " ind1=" " tag="720">
      <subfield code="a">Fort, Joaquim</subfield>
      <subfield code="e">author</subfield>
   </datafield>
   <datafield ind2=" " ind1=" " tag="260">
      <subfield code="c">2022-07-22</subfield>
   </datafield>
   <datafield ind2=" " ind1=" " tag="520">
      <subfield code="a">We estimate a spread rate of 7.5-10.6 km/year for the Neolithic expansion along the northern shore of the western Mediterranean. Comparing to theory and numerical simulations of demic-cultural waves of advance, we find that the length of coastal jumps was 240 ≤ Δ ≤ 427 km. We also derive what we believe are the first analytical equations for spread rates of waves of advance along a coast, and they agree with the simulation results. We show that the importance of cultural diffusion in this Neolithic spread was less than 21%, so demic diffusion was responsible for at least 79% of the observed spread rate. We argue that these results suggest that the spread took place using boats, and also a limited interaction between the incoming farmers and the autochthonous hunter-gatherers</subfield>
   </datafield>
   <datafield ind2=" " ind1=" " tag="520">
      <subfield code="a">Open Access funding provided thanks to the CRUE-CSIC&#xd;
agreement with Springer Nature. This work was partially funded by&#xd;
MCIN/AEI/10.13039/501100011033 (grant PID2019-104585 GB-I00) and the Institució Catalana d'Estudis Avançats (ICREA Academia&#xd;
Grant 2022–2026)</subfield>
   </datafield>
   <datafield tag="653" ind2=" " ind1=" ">
      <subfield code="a">Neolític -- Models matemàtics</subfield>
   </datafield>
   <datafield tag="653" ind2=" " ind1=" ">
      <subfield code="a">Neolithic period -- Mathematical models</subfield>
   </datafield>
   <datafield tag="653" ind2=" " ind1=" ">
      <subfield code="a">Difusió cultural -- Models matemàtics</subfield>
   </datafield>
   <datafield tag="653" ind2=" " ind1=" ">
      <subfield code="a">Culture diffusion -- Mathematical models</subfield>
   </datafield>
   <datafield ind2="0" ind1="0" tag="245">
      <subfield code="a">Dispersal distances and cultural effects in the spread of the Neolithic along the northern Mediterranean coast</subfield>
   </datafield>
</record></metadata></record></GetRecord></OAI-PMH>